000 00715nam a2200205Ia 4500
003 GCL
008 140319s9999 xx 000 0 ara d
040 _aGCL /
_cGCL
082 0 4 _a791.4
_bك ك
100 1 _aفريد المزاوى
245 1 0 _aكيف تكتب التعليق على الافلام (هدية من الاديب عبدالفتاح الجمل) /
_cفريد المزاوى
700 1 _aكيرش, موريس
700 1 _aفتحى سيد فرج (مترجم)
300 _a176 ص
490 _aالهيئة العامة للاستعلامات
_v0
650 0 4 _aالافلام السينمائية
650 0 4 _aالسينما
650 0 4 _aالتصوير فى السينما
942 _2ddc
_cBK
999 _c46883
_d46883